Countries Closest to Algeria by first two letters - Statistics

General Stats
  • This quiz has been taken 1,543 times
  • The average score is 14 of 20
Answer Stats
km country miles % Correct
739 Monaco 459
97%
0 Morocco 0
97%
0 Mali 0
96%
500 Malta 311
96%
0 Mauritania 0
96%
0 Libya 0
93%
0 Tunisia 0
93%
68 Spain 43
86%
312 Chad 194
83%
0 Niger 0
83%
601 Nigeria 374
83%
214 Italy 133
81%
521 Portugal 324
73%
494 France 307
72%
613 Burkina Faso 381
54%
838 San Marino 521
40%
637 Andorra 396
36%
642 Vatican City 399
34%
733 Benin 456
25%
0 Western Sahara 0
14%
No matching quizzes found
Score Distribution
Percent of People with Each Score
Percentile by Number Answered
Your Score History
You have not taken this quiz